|
|
|
|
| LEADER |
00000naa2a2200000 4500 |
| 001 |
669884 |
| 005 |
20240407140150.0 |
| 090 |
|
|
|a 669884
|
| 100 |
|
|
|a 20231206d2023 k||y0rusy50 ca
|
| 101 |
0 |
|
|a rus
|
| 102 |
|
|
|a RU
|
| 135 |
|
|
|a drbn ---uucaa
|
| 200 |
1 |
|
|a Использование матриц Gramian Angular Field для преобразования электроэнцефалограмм в задачах классификации моторных образов
|f Гоморов А. Л.
|g Томский политехнический университет, ИШИТР
|
| 283 |
|
|
|2 RDAcarrier
|
| 320 |
|
|
|a Список использованных источников: с. 28
|
| 336 |
|
|
|a Текстовый файл
|
| 463 |
|
1 |
|0 636132
|9 636132
|a Фадеев, А. С. (специалист в области информатики и вычислительной техники ; 1981-)
|c Томск
|d 2023
|n Изд-во ТПУ
|o сборник трудов XX Международной научно-практической конференции студентов, аспирантов и молодых учёных, 20-22 марта 2023 г., г. Томск
|p 1 файл (15 Мб, 413 с.)
|t Молодежь и современные информационные технологии
|u conference_tpu-2023-C04.pdf
|v С. 26-28
|
| 610 |
1 |
|
|a электроэнцефалограммы
|
| 610 |
1 |
|
|a моторные образы
|
| 610 |
1 |
|
|a мозг-компьютер
|
| 610 |
1 |
|
|a интерфейсы
|
| 610 |
1 |
|
|a методы преобразования
|
| 610 |
1 |
|
|a графические данные
|
| 610 |
1 |
|
|a разработка
|
| 610 |
1 |
|
|a классификации
|
| 610 |
1 |
|
|a графические преобразования
|
| 610 |
1 |
|
|a труды учёных ТПУ
|
| 610 |
1 |
|
|a электронный ресурс
|
| 700 |
|
1 |
|a Гоморов
|b А. Л.
|
| 712 |
0 |
2 |
|a Национальный исследовательский Томский политехнический университет
|b Инженерная школа информационных технологий и робототехники
|c (2017- )
|9 28330
|
| 801 |
|
0 |
|a RU
|b 63413507
|c 20231206
|
| 850 |
|
|
|a 63413507
|
| 856 |
4 |
|
|u http://earchive.tpu.ru/handle/11683/78023
|z http://earchive.tpu.ru/handle/11683/78023
|
| 942 |
|
|
|c CF
|